Straw bale (Record no. 112904)
[ view plain ]
| 000 -LEADER | |
|---|---|
| fixed length control field | 00816cam a22002535a 4500 |
| 001 - CONTROL NUMBER | |
| control field | L154249 |
| 008 - FIXED-LENGTH DATA ELEMENTS--GENERAL INFORMATION | |
| fixed length control field | 111107s2011 xxko f 000 0 eng d |
| 020 ## - INTERNATIONAL STANDARD BOOK NUMBER | |
| International Standard Book Number | 9781848062269 |
| 035 ## - SYSTEM CONTROL NUMBER | |
| System control number | (Sirsi) u154249 |
| 041 0# - LANGUAGE CODE | |
| Language code of text/sound track or separate title | eng |
| 100 1# - MAIN ENTRY--PERSONAL NAME | |
| Personal name | Sutton, Andy |
| 245 00 - TITLE STATEMENT | |
| Title | Straw bale |
| Remainder of title | an introduction to low-impact building materials |
| 260 ## - PUBLICATION, DISTRIBUTION, ETC. | |
| Place of publication, distribution, etc. | Watford |
| Name of publisher, distributor, etc. | BRE |
| Date of publication, distribution, etc. | 2011 |
| 300 ## - PHYSICAL DESCRIPTION | |
| Extent | 8p. |
| Other physical details | ill. |
| Dimensions | 30cm. |
| 490 #0 - SERIES STATEMENT | |
| Series statement | BRE Information Paper |
| Volume/sequential designation | (15/11) |
| 520 ## - SUMMARY, ETC. | |
| Summary, etc. | Discusses a range of benefits and limitations applying to the use of straw bales in construction. |
| 521 ## - TARGET AUDIENCE NOTE | |
| Target audience note | Advanced |
| 590 ## - LOCAL NOTE (RLIN) | |
| Local note | KA |
| 651 #4 - SUBJECT ADDED ENTRY--GEOGRAPHIC NAME | |
| Geographic name | United Kingdom |
| Chronological subdivision | |
| 690 ## - LOCAL SUBJECT ADDED ENTRY--TOPICAL TERM (OCLC, RLIN) | |
| Topical term or geographic name as entry element | BUILT ENVIRONMENT-BUILDING MATERIALS-NON TIMBER ANIMAL AND VEGETABLE MATERIALS-VEGETABLE MATERIAL |
| 700 1# - ADDED ENTRY--PERSONAL NAME | |
| Personal name | Black, Daniel |
| 700 1# - ADDED ENTRY--PERSONAL NAME | |
| Personal name | Walker, Peter |
| 942 ## - ADDED ENTRY ELEMENTS (KOHA) | |
| Suppress in OPAC | 0 |
| Withdrawn status | Lost status | Source of classification or shelving scheme | Damaged status | Not for loan | Home library | Current library | Shelving location | Date acquired | Total Checkouts | Full call number | Barcode | Date last seen | Copy number | Price effective from | Koha item type |
|---|---|---|---|---|---|---|---|---|---|---|---|---|---|---|---|
| Dewey Decimal Classification | London | London | BRE publications | 07/11/2011 | BRE INFORMATION PAPER | 30079551 | 06/08/2019 | 1 | 06/08/2019 | Book |